Output and employment in the construction industry (Record no. 78509)
[ view plain ]
| 000 -LEADER | |
|---|---|
| fixed length control field | 01302cab a22002175a 4500 |
| 001 - CONTROL NUMBER | |
| control field | L136956 |
| 008 - FIXED-LENGTH DATA ELEMENTS--GENERAL INFORMATION | |
| fixed length control field | 070306e2007 xxk 000 0 eng d |
| 035 ## - SYSTEM CONTROL NUMBER | |
| System control number | (Sirsi) u136956 |
| 041 ## - LANGUAGE CODE | |
| Language code of text/sound track or separate title | eng |
| 110 1# - MAIN ENTRY--CORPORATE NAME | |
| Corporate name or jurisdiction name as entry element | United Kingdom |
| Subordinate unit | Department of Trade and Industry |
| 245 ## - TITLE STATEMENT | |
| Title | Output and employment in the construction industry |
| Remainder of title | fourth quarter 2006 |
| Medium | [electronic resource] |
| 260 ## - PUBLICATION, DISTRIBUTION, ETC. | |
| Date of publication, distribution, etc. | 2007 |
| 490 #0 - SERIES STATEMENT | |
| Series statement | GNN Press Release |
| Volume/sequential designation | (144607P) 2 March 2007 |
| 520 ## - SUMMARY, ETC. | |
| Summary, etc. | In 2006, the total volume of construction output increased by 1% compared to 2005. In the fourth quarter of 2006 the total volume of output also increased by 1% compared to the third quarter, and by 2% in current prices. In 2006, the total volume of new work was 5% higher compared with 2005 and rose by 1% in the fourth quarter 2006 compared with the third quarter. The number of employees in employment (seasonally adjusted) in January 2007 was down 3% compared with October 2006 and was down 1% compared with January 2006. |
| 590 ## - LOCAL NOTE (RLIN) | |
| Local note | KA |
| 650 24 - SUBJECT ADDED ENTRY--TOPICAL TERM | |
| Topical term or geographic name entry element | DBERR OUTPUT AND EMPLOYMENT IN THE CONSTRUCTION INDUSTRY |
| 651 #4 - SUBJECT ADDED ENTRY--GEOGRAPHIC NAME | |
| Geographic name | GREAT BRITAIN |
| 690 ## - LOCAL SUBJECT ADDED ENTRY--TOPICAL TERM (OCLC, RLIN) | |
| Topical term or geographic name as entry element | BUILT ENVIRONMENT-CONSTRUCTION MARKET |
| 856 40 - ELECTRONIC LOCATION AND ACCESS | |
| Uniform Resource Identifier | <a href="https://stats.bis.gov.uk/construction/output/200703/index.asp">https://stats.bis.gov.uk/construction/output/200703/index.asp</a> |
| Public note | View the item free of charge at www.bis.gov.uk... |
| 942 ## - ADDED ENTRY ELEMENTS (KOHA) | |
| Suppress in OPAC | 0 |
| Withdrawn status | Lost status | Source of classification or shelving scheme | Damaged status | Not for loan | Home library | Current library | Shelving location | Date acquired | Total Checkouts | Full call number | Barcode | Date last seen | Copy number | Price effective from | Koha item type |
|---|---|---|---|---|---|---|---|---|---|---|---|---|---|---|---|
| Dewey Decimal Classification | Virtual | Virtual | Online | 06/03/2007 | ONLINE PUBLICATION | 136956-2001 | 06/08/2019 | 1 | 06/08/2019 | Journal article |